00583nam a2200253Ia 4500008004000000020001500040041000800055082001700063100002100080245006400101260004300165300001400208440000700222650000900229650000800238650001000246650001100256650000700267650001100274650000700285650001800292650001100310650000800321210210b2009 xxu||||| |||| 00| 0 eng d a8121209927 aeng a915.403 SESE aSESHAGIRI (N) Ed aEncyclopaedia of cities and towns in India: Vol XXII Orissa aNew DelhibGyan publishing housec2009 aviii--402 a22 aXXII aVol atowns aOrissa aof aIndia: ain aEncyclopaedia acities aand